My Singing Monsters Plant Island - Statistics

General Stats
  • This quiz has been taken 93 times
    92 since last reset
  • The average score is 23 of 32
Answer Stats
Class (elements) Monster % Correct
Water Toe Jammer
94%
Plant Potbelly
93%
Cold Mammott
90%
Dipster Fa
86%
Dipster Mi
86%
Dipster Re
86%
Dipster Do
84%
Earth Noggin
84%
Dipster La
81%
Ethereal (Plasma) Ghazt
80%
Double (cold + earth) Drumpler
77%
Quad (plant, cold, water, earth) Entbrat
77%
Double (cold + water) Maw
77%
Dipster Ti
77%
Triple (cold, water, earth) T-Rox
77%
Supernatural Wubbox
77%
Double (plant, cold) Furcorn
76%
Double (plant, water) Oaktopus
76%
Dipster Sol
76%
Mythical G'Joob
74%
Legendary Shugabush
74%
Triple (plant, cold, water) Bowgart
73%
Double (water + earth) Fwog
71%
Double (plant, earth) Shrubb
70%
Seasonal (Spooktacle) Punkleton
67%
Rare Supernatural Rare Wubbox
67%
Triple (plant, water, earth) Pummel
64%
Triple (plant, cold, earth) Clamble
61%
Legendary (Werdo) Parlsona
61%
Legendary (Werdo) Tawkerr
60%
Epic Supernatural Epic Wubbox (plant)
17%
N/A (colossal) Grennitch
9%
No matching quizzes found
Score Distribution
Percent of People with Each Score
Percentile by Number Answered
Your Score History
You have not taken this quiz since the last reset